The new international Webster's pocket dictionary of the English language (Record no. 36055)

MARC details
000 -LEADER
fixed length control field 00603nam a2200169Ia 4500
020 ## - INTERNATIONAL STANDARD BOOK NUMBER
ISBN 1582794197
050 ## - CALL MARK
Classification number PE 1628 .N42744/
245 #4 - TITLE STATEMENT
Title The new international Webster's pocket dictionary of the English language
260 ## - PUBLICATION, DISTRIBUTION, ETC. (IMPRINT)
Place of publication [Naples, Fla.?]
260 ## - PUBLICATION, DISTRIBUTION, ETC. (IMPRINT)
Name of publisher Trident Reference Publishing
260 ## - PUBLICATION, DISTRIBUTION, ETC. (IMPRINT)
Year of publication 2008
300 ## - PHYSICAL DESCRIPTION
Number of Pages 341 p
650 ## - SUBJECT ADDED ENTRY--TOPICAL TERM
Topical Term English language--Dictionaries. English language--Grammar--Handbooks, manuals, etc. English language--Synonyms and antonyms. Quotations, English--Dictionaries.
942 ## - ADDED ENTRY ELEMENTS (KOHA)
Koha item type Books
Holdings
Withdrawn status Lost status Source of classification or shelving scheme Damaged status Not for loan Permanent Location Current Location Date acquired Accession Number Price effective from Koha item type
    Library of Congress Classification     NILE UNIVERSITY OF NIGERIA - MAIN LIBRARY NILE UNIVERSITY OF NIGERIA - MAIN LIBRARY 04/23/2025 0000618 04/23/2025 Books